Länder med gräns mot Frankrike - Statistics

General Stats
  • This quiz has been taken 87 times
  • The average score is 8 of 10
Answer Stats
Längd Land % Correct
623 km Spanien
100%
620 km Belgien
97%
451 km Tyskland
97%
73 km Luxemburg
92%
573 km Schweiz
89%
57 km Andorra
88%
488 km Italien
86%
4 km Monaco
83%
673 km Brasilien
65%
510 km Surinam
52%
No matching quizzes found
Score Distribution
Percent of People with Each Score
Percentile by Number Answered
Your Score History
You have not taken this quiz